| 000 | 00522pab a2200169 454500 | ||
|---|---|---|---|
| 008 | 180718b2004 xxu||||| |||| 00| 0 eng d | ||
| 100 | _aAsfaw, Abay | ||
| 245 | _aIs consumption insured against illness? Evidence on vulnerability of households to health shocks in rural Ethiopia | ||
| 260 | _c2004 | ||
| 300 | _ap.115-29. | ||
| 362 | _aOct | ||
| 650 | _aHealth services - Ethiopia | ||
| 650 | _aHealth services | ||
| 700 | _aBraun, Joachim Von | ||
| 773 | _aEconomic Development and Cultural Change | ||
| 909 | _a65488 | ||
| 999 |
_c65488 _d65488 |
||